1534 1613 1288 1386 1610 1492 1187 1232 1320 1921 1631 1711 1204 1838 1953 1100 1063 1767 1636 1047 1973 1490 1476 1502 1117 1948 1989 1478 1293 1172 1503 1732 1987 1918 1653 1868 1504 1784 1080 1777 1708 1948 1383 1890 1742 1922 1334 1812 1153 1943 1694 1430 1169 1178 1501 1449 1680 1905 1822 1739 1855 1809 1315 1510 1349 1274 1264 1241 1919 1684 1374 1628 1528 1117 1326 1915 1517 1370 1343 1299 1333 1736 1278 1030 1395 1616 1846 1824 1776 1725 1797 1283 1362 1145 1534 1398 1018 1464 1110 BCNSPRNW ULIB Ver.6.0+V

เปลี่ยนเป็นภาษาไทย

Change to English
 แสดงรายละเอียดบรรณานุกรม
  กลับหน้าหลัก

Brief Record : Get Marc (ISO 2709) : E-mail record : QR code < ปิดหน้าต่าง
LEADER : 00000nam 2200000uu 4500
001    13399108427
003     ULIB
008    110303s2553||||th 000 0 tha d
020    9789749781340
060  4 WY108^bห135ก 2553
100 0  หทัยชนก บัวเจริญ
245 00 การพยาบาลในระบบสุขภาพ/^cหทัยชนก บัวเจริญ
250    พิมพ์ครั้งที่ 1
260    สมุทรปราการ:^bโครงการสำนักพิมพ์มหาวิทยาลัยหัวเฉียวเฉลิมพระเกียรติ,^c2553
300    218 หน้า
650  7 ระบบสุขภาพ^xการพยาบาล
700 0  จริยาวัตร คมพยัคฆ์
700 0  วนิดา ดุรงค์ฤทธิชัย
700 0  รัชดา พ่วงประสงค์
710 1  มหาวิทยาลัยหัวเฉียวเฉลิมพระเกียรติ^bคณะพยาบาลศาสตร์
945    ^p230^l0^i028577
945    ^p230^l0^i028575
945    ^p230^l0^i028574
945    ^p230^l0^i028573
945    ^p230^l0^i028572
945    ^p230^l0^i028570
945    ^p230^l0^i028569
945    ^p230^l0^i028568
945    ^p230^l0^i028576
945    ^p230^l0^i028571
995    ทศพร
999 ^a ใช้งานได้ทุกระบบ
รายการนี้ยังไม่มีแท็ก
คุณยังไม่ได้ล็อกอิน คุณสามารถมีกิจกรรมร่วมกับเว็บไซต์ได้ แต่ต้องล็อกอินก่อน ::
  ล็อกอิน

รายการสื่อสารสนเทศ

ลำดับที่ ประเภท เลขเรียก/บาร์โค้ด สถานที่ สถานะ
1. วิทยาศาสตร์การแพทย์ และสุขภาพ
หนังสือสำรอง
สถานะ=หนังสือสำรอง
WY108 ห135ก 2553 ฉ.1 
  Barcode: 028568
ห้องสมุดวิทยาเขตสวรรค์ประชารักษ์
►ส่วนจัดเก็บหนังสือเก่า สปร
บนชั้น
  ขอยืม
2. วิทยาศาสตร์การแพทย์ และสุขภาพ
วิทยาศาสตร์การแพทย์ และสุขภาพ
WY108 ห135ก 2553 ฉ.10 
  Barcode: 028577
ห้องสมุดวิทยาเขตสวรรค์ประชารักษ์
►ส่วนจัดเก็บหนังสือเก่า สปร
บนชั้น
  ขอยืม
3. วิทยาศาสตร์การแพทย์ และสุขภาพ
วิทยาศาสตร์การแพทย์ และสุขภาพ
WY108 ห135ก 2553 ฉ.2 
  Barcode: 028569
ห้องสมุดวิทยาเขตสวรรค์ประชารักษ์
►ส่วนจัดเก็บหนังสือเก่า สปร
บนชั้น
  ขอยืม
4. วิทยาศาสตร์การแพทย์ และสุขภาพ
วิทยาศาสตร์การแพทย์ และสุขภาพ
WY108 ห135ก 2553 ฉ.3 
  Barcode: 028570
ห้องสมุดวิทยาเขตสวรรค์ประชารักษ์
►ส่วนจัดเก็บหนังสือเก่า สปร
บนชั้น
  ขอยืม
5. วิทยาศาสตร์การแพทย์ และสุขภาพ
วิทยาศาสตร์การแพทย์ และสุขภาพ
WY108 ห135ก 2553 ฉ.5 
  Barcode: 028572
ห้องสมุดวิทยาเขตสวรรค์ประชารักษ์
►ส่วนจัดเก็บหนังสือเก่า สปร
บนชั้น
  ขอยืม
6. วิทยาศาสตร์การแพทย์ และสุขภาพ
วิทยาศาสตร์การแพทย์ และสุขภาพ
WY108 ห135ก 2553 ฉ.6 
  Barcode: 028573
ห้องสมุดวิทยาเขตสวรรค์ประชารักษ์
►ส่วนจัดเก็บหนังสือเก่า สปร
บนชั้น
  ขอยืม
7. วิทยาศาสตร์การแพทย์ และสุขภาพ
วิทยาศาสตร์การแพทย์ และสุขภาพ
WY108 ห135ก 2553 ฉ.7 
  Barcode: 028574
ห้องสมุดวิทยาเขตสวรรค์ประชารักษ์
►ส่วนจัดเก็บหนังสือเก่า สปร
บนชั้น
  ขอยืม
8. วิทยาศาสตร์การแพทย์ และสุขภาพ
วิทยาศาสตร์การแพทย์ และสุขภาพ
WY108 ห135ก 2553 ฉ.8 
  Barcode: 028575
ห้องสมุดวิทยาเขตสวรรค์ประชารักษ์
►ส่วนจัดเก็บหนังสือเก่า สปร
บนชั้น
  ขอยืม
9. วิทยาศาสตร์การแพทย์ และสุขภาพ
วิทยาศาสตร์การแพทย์ และสุขภาพ
WY108 ห135ก 2553 ฉ.9 
  Barcode: 028576
ห้องสมุดวิทยาเขตสวรรค์ประชารักษ์
►ส่วนจัดเก็บหนังสือเก่า สปร
บนชั้น
  ขอยืม

BibComment


ยังไม่เคยถูกคอมเมนท์

คอมเมนท์ทรัพยากรรายการนี้
  คอมเมนท์: การพยาบาลในระบบสุ..


 Copyright 2026. Bcnsprnw @Library